Πολιτικό σύστημα και πολιτική
Αποθηκεύτηκε σε:
| Κύριος συγγραφέας: | |
|---|---|
| Μορφή: | Βιβλίο |
| Γλώσσα: | Greek |
| Δημοσίευση: |
Αθήνα :
Πολύτυπο,
1985
|
| Θέματα: | |
| Ετικέτες: |
Προσθήκη ετικέτας
Δεν υπάρχουν, Καταχωρήστε ετικέτα πρώτοι!
|
MARC
| LEADER | 00000nam a2200000 i 4500 | ||
|---|---|---|---|
| 001 | 1/38188 | ||
| 008 | 960409s1985 gre d | ||
| 035 | |l 10024814 | ||
| 040 | |a GR-MY-UA |b gre |e aacr | ||
| 041 | 0 | |a gre | |
| 082 | 0 | |a 321 | |
| 100 | 1 | |a Κοντογιώργης, Γεώργιος Δ. | |
| 245 | 1 | 0 | |a Πολιτικό σύστημα και πολιτική / |c Κοντογιώργης Γιώργος |
| 260 | |a Αθήνα : |b Πολύτυπο, |c 1985 | ||
| 300 | |a 187 σ. | ||
| 650 | 0 | 0 | |a Political science. |
| 650 | 0 | 0 | |a State, The. |
| 852 | |a INST |b CHIOS |e 19960409 |h 321 KON |p 005200006091 |q 005200006091 |t BK |y 0 | ||
| 909 | |a Χ |b 002840 | ||